Dear Colleagues - Köszöntő
Elmentve itt :
| Testületi szerző: | |
|---|---|
| Dokumentumtípus: | Könyv része |
| Megjelent: |
2016
|
| Sorozat: | Pedagógiai Értékelési Konferencia
14 |
| Kulcsszavak: | Pedagógia - konferencia - előszó |
| Online Access: | http://acta.bibl.u-szeged.hu/61300 |
| LEADER | 00607naa a2200169 i 4500 | ||
|---|---|---|---|
| 001 | acta61300 | ||
| 005 | 20260224081030.0 | ||
| 008 | 190912s2016 hu o 100 hun d | ||
| 040 | |a SZTE Egyetemi Kiadványok Repozitórium |b hun | ||
| 041 | |a hun | ||
| 245 | 0 | 0 | |a Dear Colleagues - Köszöntő |h [elektronikus dokumentum] |
| 260 | |c 2016 | ||
| 300 | |a 6-7 | ||
| 490 | 0 | |a Pedagógiai Értékelési Konferencia |v 14 | |
| 695 | |a Pedagógia - konferencia - előszó | ||
| 710 | |a Pedagógiai Értékelési Konferencia (14.) (2016) (Szeged) | ||
| 856 | 4 | 0 | |u http://acta.bibl.u-szeged.hu/61300/3/pek_2016_006-007.pdf |z Dokumentum-elérés |